Miliardy nedostanete, odkázal Island Britom zo severského raja sa môže stať chudobinec Európy

Dôveryhodnosť Islandu vo finančnej sfére. Odškodnenie Veľkej Británie Islandom. Finančníctvo a ekonomický rast Islandu. Referendum na Islande o vyplatení dlžôb Británii a Holandsku. Názory analytikov.

Guardado en:
Detalles Bibliográficos
Autor principal: Staněk, Peter
Formato: Capítulo de libro
Lenguaje:eslovaco
Materias:
Etiquetas: Agregar Etiqueta
Sin Etiquetas, Sea el primero en etiquetar este registro!

MARC

LEADER 00000naa a2200000 4500
001 0120395
005 20240502072342.5
041 0 |a slo 
044 |a SK 
245 1 0 |a Miliardy nedostanete, odkázal Island Britom  |b zo severského raja sa môže stať chudobinec Európy  |c Peter Staněk 
520 |a Dôveryhodnosť Islandu vo finančnej sfére. Odškodnenie Veľkej Británie Islandom. Finančníctvo a ekonomický rast Islandu. Referendum na Islande o vyplatení dlžôb Británii a Holandsku. Názory analytikov. 
610 2 0 |a Európa 
610 2 0 |a Island 
610 2 0 |a Veľká Británia 
610 2 0 |a politika finančná 
610 2 0 |a politika hospodárska medzinárodná 
610 2 0 |a politika hospodárska nadnárodná 
610 2 0 |a dlhy verejné 
610 2 0 |a dlhy štátne 
610 2 0 |a situácia sociálna 
610 2 0 |a referendum 
100 1 |a Staněk, Peter